Five Famous People by Last Name #5 - Statistics

General Stats
  • This quiz has been taken 107 times
  • The average score is 16 of 30
Answer Stats
Hint Person % Correct
Only U.S. president to beimpeached twice Donald Trump
97%
Singer who lives la vida loca Ricky Martin
85%
"Father of the Bride" lead actor Steve Martin
85%
Lead singer of The Doors Jim Morrison
81%
"Total Eclipse of the Heart" Bonnie Tyler
80%
Coldplay lead singer Chris Martin
80%
"To Kill a Mockingbird" author Harper Lee
80%
Brothers who invented the airplane Orville Wright
68%
Married Jared Kushner Ivanka Trump
67%
Created Spider-Man Stan Lee
67%
He ascended to the presidency after William Henry Harrison died John Tyler
64%
Aerosmith lead singer Steven Tyler
63%
"Brown Eyed Girl" singer Van Morrison
60%
Her last name was "Knavs" Melania Trump
57%
Brothers who invented the airplane Wilbur Wright
54%
Only child of the above Barron Trump
53%
"Game of Thrones" creatorcalled "the American Tolkien" George R. R. Martin
53%
General who commanded the Army of Northern Virginia Robert E. Lee
53%
"Brokeback Mountain" director Ang Lee
51%
Cognac brand namesake Rémy Martin
51%
Portrayed Arwen in "LOTR" Liv Tyler
48%
Author of "Beloved' Toni Morrison
48%
Guggenheim architect Frank Lloyd Wright
46%
Be water, my friend he said Bruce Lee
42%
Buttercup actress Robin Wright
35%
Father of the above Fred Trump
26%
Australian P.M., 2018–2022 Scott Morrison
20%
Director of "Hot Fuzz" and"Shaun of the Dead" Edgar Wright
15%
Boxer who defeated Joe Foreman in 1993 Tommy Morrison
11%
Ventriloquist of Lester Willie Tyler
2%
No matching quizzes found
Score Distribution
Percent of People with Each Score
Percentile by Number Answered
Your Score History
You have not taken this quiz